| 000 | 00000nam 2200000zi 4500 |
| 001 | 9.947455 |
| 003 | CaOODSP |
| 005 | 20250128131700 |
| 006 | m o d f |
| 007 | cr |n||||||||| |
| 008 | 250128s1939 onca o f000 0 eng d |
| 040 | |aCaOODSP|beng|erda|cCaOODSP |
| 043 | |an-cn--- |
| 086 | 1 |aA52-295/1939E-PDF |
| 086 | 1 |zA51-46E-PDF |
| 100 | 1 |aMuir, George W., |eauthor. |
| 245 | 10|aDivision of Animal Husbandry : |bsummary report for the period April 1, 1930 to December 31, 1936 / |cG. W. Muir. |
| 264 | 1|aOttawa : |bMinister of Agriculture, |c1939 |
| 300 | |a1 online resource (50 pages) : |billustrations |
| 336 | |atext|btxt|2rdacontent |
| 337 | |acomputer|bc|2rdamedia |
| 338 | |aonline resource|bcr|2rdacarrier |
| 500 | |aDigitized edition from print [provided by Agriculture and Agri-Food Canada]. |
| 610 | 15|aCanada. |bAnimal Husbandry Division. |
| 610 | 15|aCanada. |bDivision de la zootechnie. |
| 650 | 0|aLivestock|zCanada. |
| 650 | 6|aBétail|zCanada. |
| 710 | 1 |aCanada. |bAnimal Husbandry Division, |eissuing body. |
| 710 | 2 |aDominion Experimental Farms and Stations (Canada), |eissuing body. |
| 856 | 40|qPDF|s11.90 MB|uhttps://publications.gc.ca/collections/collection_2024/aac-aafc/A51-46-1930-eng.pdf |